The minutes of the Board of Proprietors of the Eastern Division of New Jersey /

Bibliographic Details
Corporate Authors: Board of Proprietors of the Eastern Division of New Jersey, New Jersey Historical Society
Other Authors: Lurie, Maxine N., 1940-, Walroth, Joanne R., 1950-, Miller, George J.
Format: Book
Language:English
Published: Newark : New Jersey Historical Society, 1985.
Subjects:

MARC

Tag First Indicator Second Indicator Subfields
LEADER 00000cam a2200000 4500
001 in00000926321
005 20150924201056.0
008 840627m19851949njubch 00010 eng
010 |a  49004855  
020 |a 091102011X (v. 4) :  |c $30.00 
035 |a (OCoLC)10948475 
035 |9 AEQ8086AM 
040 |a DLC  |c DLC  |d m.c.  |d UtOrBLW 
043 |a n-us-nj 
049 |a TXAM  |v 1 [A13376425]  |v 2 [A13376328]  |v 3 [A13376221]  |v 4 [A13376124] 
050 0 0 |a F137  |b .B667 1985 
082 0 |a 974.9  |2 19 
110 2 |a Board of Proprietors of the Eastern Division of New Jersey. 
245 1 4 |a The minutes of the Board of Proprietors of the Eastern Division of New Jersey /  |c edited by Maxine N. Lurie and Joanne R. Walthrop ; with a forward by Richard P. McCormick. 
264 1 |a Newark :  |b New Jersey Historical Society,  |c 1985. 
300 |a 4 volumes :  |b portraits, maps, facsimiles ;  |c 26 cm. 
336 |a text  |b txt  |2 rdacontent 
337 |a unmediated  |b n  |2 rdamedia 
338 |a volume  |b nc  |2 rdacarrier 
500 |a "With an introductory essay by George J. Miller"--volume 1-volume 3. 
500 |a Only volume 4 shows correct imprint: Newark : New Jersey Historical Society. 
500 |a Limited edition of 500 copies commemorating the 300th anniversary of the founding of New Jersey. 
500 |a Reprint volume 1-volume 3. Originally published: Perth Amboy : Board of Proprietors of the Eastern Division of New Jersey, 1949-1960. 
500 |a Includes index.  
505 1 |a [v. 1] 1685-1705.--v. 2. from 1725-1744.--v. 3. from 1745-1764.--v. 4. from 1764 to 1794. 
651 0 |a New Jersey  |x History  |y Colonial period, ca. 1600-1775  |x  Sources. 
651 0 |a New Jersey  |x History  |y 1775-1865  |x Sources. 
700 1 |a Lurie, Maxine N.,  |d 1940- 
700 1 |a Walroth, Joanne R.,  |d 1950- 
710 2 |a New Jersey Historical Society. 
700 1 |a Miller, George J. 
999 |a MARS 
999 f f |s 39994a54-dcf9-3cb6-83cc-7317a2b8d667  |i 976b5012-52ae-3354-b16c-91fb48fc5cf1  |t 0 
952 f f |p ric  |a Texas A&M University  |b Rellis Campus  |c Joint Library Facility  |d Remote Storage  |t 0  |e F137 .B667 1985  |h Library of Congress classification  |i unmediated -- volume  |k v.2  |m A14813376328 
952 f f |p ric  |a Texas A&M University  |b Rellis Campus  |c Joint Library Facility  |d Remote Storage  |t 0  |e F137 .B667 1985  |h Library of Congress classification  |i unmediated -- volume  |k v.4  |m A14813376124 
952 f f |p ric  |a Texas A&M University  |b Rellis Campus  |c Joint Library Facility  |d Remote Storage  |t 0  |e F137 .B667 1985  |h Library of Congress classification  |i unmediated -- volume  |k v.3  |m A14813376221 
952 f f |p ric  |a Texas A&M University  |b Rellis Campus  |c Joint Library Facility  |d Remote Storage  |t 0  |e F137 .B667 1985  |h Library of Congress classification  |i unmediated -- volume  |k v.1  |m A14813376425 
998 f f |a F137 .B667 1985  |s v.1-v.4  |t 0  |l Remote Storage